<?xml version="1.0" encoding="UTF-8"?>
<record
    xmlns:xsi="http://www.w3.org/2001/XMLSchema-instance"
    xsi:schemaLocation="http://www.loc.gov/MARC21/slim http://www.loc.gov/standards/marcxml/schema/MARC21slim.xsd"
    xmlns="http://www.loc.gov/MARC21/slim">

  <leader>02846nam a2200505Ii 4500</leader>
  <controlfield tag="001">DIGANAGRA0081</controlfield>
  <controlfield tag="003">NyNyDIG</controlfield>
  <controlfield tag="006">m     o  d        </controlfield>
  <controlfield tag="007">cr |||||||||||</controlfield>
  <controlfield tag="008">150401t20142008sp      o     000 f spa d</controlfield>
  <datafield tag="035" ind1=" " ind2=" ">
    <subfield code="a">(OCoLC)992009526</subfield>
  </datafield>
  <datafield tag="040" ind1=" " ind2=" ">
    <subfield code="a">DGITA</subfield>
    <subfield code="b">eng</subfield>
    <subfield code="e">rda</subfield>
    <subfield code="e">pn</subfield>
    <subfield code="c">DGITA</subfield>
  </datafield>
  <datafield tag="020" ind1=" " ind2=" ">
    <subfield code="a">9788433935359</subfield>
    <subfield code="q">(eBook ;</subfield>
    <subfield code="q">ePub)</subfield>
  </datafield>
  <datafield tag="020" ind1=" " ind2=" ">
    <subfield code="z">8433971816</subfield>
  </datafield>
  <datafield tag="020" ind1=" " ind2=" ">
    <subfield code="z">9788433971814</subfield>
  </datafield>
  <datafield tag="043" ind1=" " ind2=" ">
    <subfield code="a">nc-----</subfield>
    <subfield code="a">n-mx---</subfield>
  </datafield>
  <datafield tag="050" ind1="1" ind2="4">
    <subfield code="a">PQ7298.29.A34 eBook</subfield>
  </datafield>
  <datafield tag="100" ind1="1" ind2=" ">
    <subfield code="a">Sada, Daniel,</subfield>
    <subfield code="d">1953-2011,</subfield>
    <subfield code="e">author.</subfield>
  </datafield>
  <datafield tag="245" ind1="1" ind2="0">
    <subfield code="a">Casi nunca /</subfield>
    <subfield code="c">Daniel Sada.</subfield>
  </datafield>
  <datafield tag="250" ind1=" " ind2=" ">
    <subfield code="a">Edici&#xF3;n en formato digital.</subfield>
  </datafield>
  <datafield tag="264" ind1=" " ind2="1">
    <subfield code="a">Barcelona :</subfield>
    <subfield code="b">Editorial Anagrama,</subfield>
    <subfield code="c">octubre de 2014.</subfield>
  </datafield>
  <datafield tag="264" ind1=" " ind2="4">
    <subfield code="c">&#xA9;2008</subfield>
  </datafield>
  <datafield tag="300" ind1=" " ind2=" ">
    <subfield code="a">1 online resource</subfield>
  </datafield>
  <datafield tag="336" ind1=" " ind2=" ">
    <subfield code="a">text</subfield>
    <subfield code="b">txt</subfield>
    <subfield code="2">rdacontent</subfield>
  </datafield>
  <datafield tag="337" ind1=" " ind2=" ">
    <subfield code="a">computer</subfield>
    <subfield code="b">c</subfield>
    <subfield code="2">rdamedia</subfield>
  </datafield>
  <datafield tag="338" ind1=" " ind2=" ">
    <subfield code="a">online resource</subfield>
    <subfield code="b">cr</subfield>
    <subfield code="2">rdacarrier</subfield>
  </datafield>
  <datafield tag="490" ind1="1" ind2=" ">
    <subfield code="a">Narrativas hisp&#xE1;nicas ;</subfield>
    <subfield code="v">444</subfield>
  </datafield>
  <datafield tag="500" ind1=" " ind2=" ">
    <subfield code="a">A novel.</subfield>
  </datafield>
  <datafield tag="500" ind1=" " ind2=" ">
    <subfield code="a">Winner of the Herralde de Novela 2008 literary prize.</subfield>
  </datafield>
  <datafield tag="520" ind1=" " ind2=" ">
    <subfield code="a">"Demetrio Sordo es un agr&#xF3;nomo que pasa sus d&#xED;as en la grisura de su empleo como administrador y t&#xE9;cnico agr&#xED;cola en un rancho de Oaxaca, en 1945. Un d&#xED;a, aburrido, decide que el sexo dar&#xE1; sentido a su vida y va al primer burdel que encuentra. Ah&#xED; termina muy allegado a una morena, Mireya, con quien se entiende a la perfecci&#xF3;n. Poco despu&#xE9;s, la madre de Demetrio, Telma, le pide que viaje hasta Coahuila, donde ella vive, para asistir a una boda en la poblaci&#xF3;n de Sacramento, hogar de su prima Zulema. La idea obvia es que el joven se entienda con alguna se&#xF1;orita ilustre de la comunidad para que haya boda. Y as&#xED; sucede: Demetrio queda prendado de Renata y casi de inmediato comienza su compromiso. Se establece as&#xED; el principal conflicto de la novela: Demetrio quiere mantener ambas relaciones hasta que sea inevitable romper con Mireya. Pero &#xE9;sta ya ha pensado en que sea el agr&#xF3;nomo su salvador, quien la ayude a salir del burdel y se case con ella para fundar juntos una familia." (Publisher website).</subfield>
  </datafield>
  <datafield tag="588" ind1="0" ind2=" ">
    <subfield code="a">Online resource; title from ePub title page (Digitalia, viewed April 20, 2015)</subfield>
  </datafield>
  <datafield tag="650" ind1=" " ind2="0">
    <subfield code="a">Mexican fiction</subfield>
    <subfield code="y">21st century.</subfield>
  </datafield>
  <datafield tag="650" ind1=" " ind2="0">
    <subfield code="a">Man-woman relationships</subfield>
    <subfield code="z">Mexico</subfield>
    <subfield code="v">Fiction.</subfield>
  </datafield>
  <datafield tag="650" ind1=" " ind2="0">
    <subfield code="a">Agriculturists</subfield>
    <subfield code="z">Mexico</subfield>
    <subfield code="v">Fiction.</subfield>
  </datafield>
  <datafield tag="650" ind1=" " ind2="0">
    <subfield code="a">Prostitutes</subfield>
    <subfield code="z">Mexico</subfield>
    <subfield code="v">Fiction.</subfield>
  </datafield>
  <datafield tag="650" ind1=" " ind2="0">
    <subfield code="a">Mothers and sons</subfield>
    <subfield code="z">Mexico</subfield>
    <subfield code="v">Fiction.</subfield>
  </datafield>
  <datafield tag="655" ind1=" " ind2="0">
    <subfield code="a">Electronic books.</subfield>
  </datafield>
  <datafield tag="791" ind1="2" ind2=" ">
    <subfield code="a">Digitalia (Firm),</subfield>
    <subfield code="e">distributor.</subfield>
  </datafield>
  <datafield tag="793" ind1="0" ind2=" ">
    <subfield code="g">Digitalia Hisp&#xE1;nica eBook Collection:</subfield>
    <subfield code="a">Anagrama</subfield>
  </datafield>
  <datafield tag="776" ind1="0" ind2="8">
    <subfield code="i">Print version:</subfield>
    <subfield code="a">Sada, Daniel.</subfield>
    <subfield code="t">Casi nunca.</subfield>
    <subfield code="d">Barcelona : Editorial Anagrama, 2008</subfield>
    <subfield code="z">9788433971814</subfield>
    <subfield code="w">(OCoLC)299711668</subfield>
  </datafield>
  <datafield tag="830" ind1=" " ind2="0">
    <subfield code="a">Narrativas hisp&#xE1;nicas ;</subfield>
    <subfield code="v">444.</subfield>
  </datafield>
  <datafield tag="856" ind1="4" ind2="0">
    <subfield code="3">Digitalia Hisp&#xE1;nica</subfield>
    <subfield code="u">https://www.digitaliapublishing.com/a/32351/</subfield>
  </datafield>
  <datafield tag="910" ind1=" " ind2=" ">
    <subfield code="a">Premium Collection: 2016</subfield>
  </datafield>
  <datafield tag="942" ind1=" " ind2=" ">
    <subfield code="c">RAA</subfield>
  </datafield>
  <datafield tag="952" ind1=" " ind2=" ">
    <subfield code="0">0</subfield>
    <subfield code="1">0</subfield>
    <subfield code="4">0</subfield>
    <subfield code="7">0</subfield>
    <subfield code="8">DEH</subfield>
    <subfield code="a">BD-UIN</subfield>
    <subfield code="b">BD-UIN</subfield>
    <subfield code="d">2025-04-25</subfield>
    <subfield code="l">0</subfield>
    <subfield code="r">2025-04-25</subfield>
    <subfield code="w">2025-04-25</subfield>
    <subfield code="y">RAA</subfield>
  </datafield>
  <datafield tag="999" ind1=" " ind2=" ">
    <subfield code="c">241254</subfield>
    <subfield code="d">241254</subfield>
  </datafield>
</record>
